Online
Catalog

Estructuras albebraicas III : (Record no. 37297)

MARC details
000 -CABECERA
campo de control de longitud fija 00598nam a2200169 a 4500
001 - NÚMERO DE CONTROL
campo de control 000037807
005 - FECHA Y HORA DE LA ÚLTIMA TRANSACCIÓN
campo de control 20201002031121.0
008 - DATOS DE LONGITUD FIJA--INFORMACIÓN GENERAL
campo de control de longitud fija 130306s1981 xxu 000 0 spa d
040 ## - FUENTE DE LA CATALOGACIÓN
Centro catalogador/agencia de origen DO-SdBNP
Lengua de catalogación spa
Centro/agencia transcriptor BNPHU
100 1# - ENTRADA PRINCIPAL--NOMBRE DE PERSONA
Nombre de persona Hernán ÒBrien, Horacio
9 (RLIN) 64254
245 10 - MENCIÓN DE TÍTULO
Título Estructuras albebraicas III :
Resto del título grupos finitos /
Mención de responsabilidad, etc. Horacio Hernán ÒBrien,.
250 ## - MENCIÓN DE EDICIÓN
Mención de edición 2a. ed.
260 ## - PUBLICACIÓN, DISTRIBUCIÓN, ETC.
Lugar de publicación, distribución, etc. Wshington, DC. :
Nombre del editor, distribuidor, etc. Secretaría General de la Organización de los Estados Américanos,
Fecha de publicación, distribución, etc. 1981.
300 ## - DESCRIPCIÓN FÍSICA
Extensión 138 p. ;
Dimensiones 24 cm.
490 1# - MENCIÓN DE SERIE
Mención de serie Matemático
-- Monografía
Designación de volumen o secuencia 14
830 #0 - PUNTO DE ACCESO ADICIONAL DE SERIE-TÍTULO UNIFORME
Título uniforme Matemático
Nombre de parte o sección de la obra Monografía
Designación de volumen o secuencia 14
9 (RLIN) 64255
Holdings
Estado de retiro Estado de pérdida Restricciones de uso No para préstamo Código de colección Localización permanente Ubicación/localización actual Ubicación en estantería Fecha de adquisición Número de inventario Total de préstamos Signatura topográfica completa Código de barras Fecha visto por última vez Precio válido a partir de Tipo de ítem Koha
        Monografías: Libros y Folletos General General Orden iniciada 06.03.2013 LF1   37807-10 25.06.2020 25.06.2020 No se presta

Powered by Koha